[Event "Montigny le Bretonneux Noel op 18th"]
[Site "Montigny le Bretonneux"]
[Date "2017.12.30"]
[Round "7"]
[White "Verat Fayolle, Celian"]
[Black "Rouast, Joseph"]
[Result "1-0"]
[WhiteElo "1710"]
[BlackElo "1411"]
[PlyCount "97"]
[EventDate "2017.12.26"]
[EventType "swiss"]
[EventRounds "7"]
[EventCountry "FRA"]
[SourceTitle "CBM 182 Extra"]
[Source "ChessBase"]
[SourceDate "2018.02.23"]
[SourceVersion "1"]
[SourceVersionDate "2018.02.23"]
[SourceQuality "1"]

1. e4 e6 2. d4 d5 3. exd5 exd5 4. c4 Nf6 5. Nc3 Bb4 6. Nf3 0-0 7. Be2 Bg4 8. 0-0 Nc6 9. Bg5 dxc4 10. Ne4 Be7 11. Nc5 Bxc5 12. dxc5 Re8 13. Bxc4 Qxd1 14. Raxd1 Ne5 15. Nxe5 Rxe5 16. Bxf6 gxf6 17. f3 Be6 18. Bxe6 fxe6 19. Rd7 Rxc5 20. Re1 Re8 21. Re4 h5 22. b4 Rc6 23. Rh4 Rf8 24. Rxh5 Rf7 25. Rxf7 Kxf7 26. Rc5 Rd6 27. Rxc7+ Kg6 28. Rxb7 Rd1+ 29. Kf2 Rd2+ 30. Kg3 Rxa2 31. h4 Rb2 32. b5 Rb4 33. Kh2 Rb3 34. Rxa7 Rxb5 35. g4 Rc5 36. Kg3 Rb5 37. h5+ Kh6 38. Re7 Re5 39. f4 Re1 40. Rf7 f5 41. Rf6+ Kg7 42. g5 Re3+ 43. Kf2 Re4 44. Kf3 Re1 45. h6+ Kg8 46. g6 Rh1 47. g7 Rg1 48. Rf8+ Kh7 49. Rh8+ 1-0

[Event "Montigny Autumn-B 16th"]
[Site "Montigny le Bretonneux"]
[Date "2017.10.24"]
[Round "4"]
[White "Gazay, Didier"]
[Black "Verat Fayolle, Celian"]
[Result "1-0"]
[WhiteElo "1757"]
[BlackElo "1734"]
[PlyCount "31"]
[EventDate "2017.10.21"]
[EventType "tourn"]
[EventRounds "9"]
[EventCountry "FRA"]
[SourceTitle "EXT 2019"]
[Source "ChessBase"]
[SourceDate "2018.10.10"]
[SourceVersion "1"]
[SourceVersionDate "2018.10.10"]
[SourceQuality "1"]

1. c4 e5 2. g3 Nc6 3. Bg2 f5 4. d3 Nf6 5. Nf3 Bc5 6. 0-0 0-0 7. a3 a5 8. Nc3 d6 9. Bg5 Be6 10. Qa4 Qd7 11. Bxf6 Rxf6 12. Ng5 Rg6 13. Nxe6 Qxe6 14. Bd5 Qxd5 15. Nxd5 f4 16. Kg2 1-0